Mathematics Beyond the Numbers (Record no. 4091)

MARC details
005 - DATE AND TIME OF LATEST TRANSACTION
control field 20250615075224.0
020 ## - INTERNATIONAL STANDARD BOOK NUMBER
International Standard Book Number 0-471-13934-3
082 ## - DEWEY DECIMAL CLASSIFICATION NUMBER
Classification number 510 GIL
100 ## - MAIN ENTRY--PERSONAL NAME
Author name GILBERT, G. T.
245 ## - TITLE STATEMENT
Title Mathematics Beyond the Numbers
260 ## - PUBLICATION, DISTRIBUTION, ETC.
Place of publication, distribution, etc. New York,
Name of publisher, distributor, etc. John Wiley & Sons,
Date of publication, distribution, etc. 2000
300 ## - PHYSICAL DESCRIPTION
Extent xvi,681p.; ill.; table, figure, picture
Other physical details Index
Dimensions 27cm
700 ## - ADDED ENTRY--PERSONAL NAME
Other authors/Editors HATCHER, R. L.
942 ## - ADDED ENTRY ELEMENTS (KOHA)
Source of classification or shelving scheme Dewey Decimal Classification
Koha item type Books
Holdings
Date last seen Total checkouts Full call number Barcode Cost, replacement price Price effective from Koha item type Lost status Source of classification or shelving scheme Damaged status Not for loan Withdrawn status Home library Current library Shelving location Date acquired Cost, normal purchase price
06/15/2025   510 GIL DOM000825 300000.00 06/15/2025 Books   Dewey Decimal Classification       CBE Dodoma CBE Dodoma General Collection 11/07/2009 100000.00